Formel 1 Streckenkalender 2026 #1 - Statistiken

Allgemein
  • Dieses Quiz wurde 98 mal gespielt
  • Das Durchschnittsergebnis liegt bei 9 aus 14
Antwortstatistiken
Bildquiz Antwort % Korrekt
Spa
86%
Baku
83%
Monza
83%
Barcelona
81%
Las Vegas
78%
Suzuka
67%
Austin
65%
Silverstone
65%
Shanghai
62%
Miami
61%
Singapur
59%
Monte Carlo
54%
Zandvoort
43%
Hungaroring
33%
Keine übereinstimmenden Quizze gefunden
Verteilung der Resultate
Anzahl Personen mit jedem Resultat
Perzentil nach korrekt beantworteten Fragen
Ihre Resultats-Entwicklung
Sie haben dieses Quiz noch nicht gespielt